Faktor vremeni v obščestvennom proizvodstve ekonomiko-statističeskije očerki

Uložené v:
Podrobná bibliografia
Hlavný autor: Kvaša, Jakov Bencionovič
Médium: Kniha
Jazyk:Russian
Vydavateľské údaje: Moskva Statistika 1979
Tagy: Pridať tag
Žiadne tagy, Buďte prvý, kto otaguje tento záznam!

MARC

LEADER 00000nam a2200000 4500
001 c141228
005 20041019155321.2
041 0 |a rus 
044 |a RU 
245 1 0 |a Faktor vremeni v obščestvennom proizvodstve  |b ekonomiko-statističeskije očerki  |c Jakov Bencionovič Kvaša 
264 1 |a Moskva  |b Statistika  |c 1979 
300 |a 151 s. 
100 1 |a Kvaša, Jakov Bencionovič